ბათუმის შოთა რუსთაველის სახელმწიფო უნივერსიტეტის ბიბლიოთეკა

Roman Coins From the Earliest Times to the Fall of the Western Empire (ბიბ.ჩანაწერი № 60624)

000 -LEADER
fixed length control field 00617nam a2200157 4500
005 - DATE AND TIME OF LATEST TRANSACTION
control field 20230925101703.0
008 - FIXED-LENGTH DATA ELEMENTS--GENERAL INFORMATION
fixed length control field 230925s1960 enk||||| |||| 00| 0 eng d
041 ## - LANGUAGE CODE
Language code of text/sound track or separate title eng
080 ## - UNIVERSAL DECIMAL CLASSIFICATION NUMBER
Universal Decimal Classification number 902 M-39
100 ## - MAIN ENTRY--PERSONAL NAME
Personal name Mattingly, Harold
9 (RLIN) 19899
245 ## - TITLE STATEMENT
Title Roman Coins From the Earliest Times to the Fall of the Western Empire
Statement of responsibility, etc. Harold Mattingly.
264 ## - PRODUCTION, PUBLICATION, DISTRIBUTION, MANUFACTURE, AND COPYRIGHT NOTICE
Place of production, publication, distribution, manufacture London,
Date of production, publication, distribution, manufacture, or copyright notice 1960.
300 ## - PHYSICAL DESCRIPTION
Extent 303 p.:
Other physical details ill.;
Dimensions 22 cm.
653 ## - INDEX TERM--UNCONTROLLED
keyword რომაული მონეტები უძველესი დროიდან დასავლეთის იმპერიის დაცემამდე
942 ## - ADDED ENTRY ELEMENTS (KOHA)
Source of classification or shelving scheme
Koha item type წიგნი
ეგზემპლარები
Withdrawn status Lost status Source of classification or shelving scheme Damaged status Not for loan Permanent Location Current Location Shelving location Date acquired Cost, normal purchase price Full call number Barcode Date last seen Copy number Uniform Resource Identifier Price effective from Koha item type Public note
          ბათუმის შოთა რუსთაველის სახელმწიფო უნივერსიტეტის მთავარი ბიბლიოთეკა ბათუმის შოთა რუსთაველის სახელმწიფო უნივერსიტეტის მთავარი ბიბლიოთეკა წიგნსაცავი 2023-09-25 10.00 902 M-39 65221 2023-09-25 65221 ბსუ-ს საპატიო დოქტორის გურამ ლორთქიფანიძის საჩუქარი 2023-09-25 წიგნი 10 ლ.